000
00246nam a22001097a 4500
082
_a
604.2 TWE'P
100
_a
TWEEDDALE, J. G
_9
80026
245
_a
PRACTICAL MECHANICAL DESIGN
260
_a
LONDON
_b
ILLIFFE
_c
1963
300
_a
183P
942
_c
BK
999
_c
585004
_d
585004